MARC

LEADER 00000nam0a2200000 4500
001 371155
005 20231102012342.0
035 |a (RuTPU)RU\TPU\retro\28565 
035 |a RU\TPU\book\55333 
090 |a 371155 
100 |a 20220922d1972 m y0rusy50 ca 
101 1 |a fre  |c rus 
102 |a RU 
105 |a a j 001zy 
200 1 |a Дифференциальное и интегральное исчисления. Т. 1  |d Calcul differentiel et integral. T. 1  |e [учебное пособие]  |f Н. С. Пискунов 
210 |a Москва  |c Мир  |d 1972 
215 |a 511 с.  |c ил. 
300 |a На французском языке 
320 |a Предм. указ.: с. 506-511 
454 1 |0 (RuTPU)RU\TPU\book\55333  |t Т. 1  |d 1972  |p 456 с. 
510 1 |a Calcul differentiel et integral. T. 1  |z fre 
606 1 |a Дифференциальное исчисление  |2 stltpush  |3 (RuTPU)RU\TPU\subj\9686  |9 36870 
606 1 |a Интегральное исчисление  |2 stltpush  |3 (RuTPU)RU\TPU\subj\12773  |9 39494 
610 1 |a математика 
610 1 |a учебные пособия 
610 1 |a числа 
610 1 |a переменные 
610 1 |a функции 
610 1 |a пределы 
610 1 |a производные 
610 1 |a дифференциалы 
610 1 |a теоремы о дифференцируемых функциях 
610 1 |a исследования 
610 1 |a комплексные числа 
610 1 |a многочлены 
610 1 |a функции нескольких переменных 
610 1 |a неопределенные интегралы 
610 1 |a определенные интегралы 
610 1 |a кривые линии 
610 1 |a кривизна 
610 1 |a поведение 
610 1 |a французский язык 
675 |a 517.2(075.8)  |v 3 
675 |a 517.3(075.8)  |v 3 
700 1 |a Пискунов  |b Н. С.  |g Николай Семенович 
801 1 |a RU  |b 63413507  |c 20030604  |g PSBO 
801 2 |a RU  |b 63413507  |c 20220922  |g PSBO 
942 |c BK